000 00657nam a2200241Ia 4500
003 OSt
005 20221007104542.0
006 a|||||r|||| 00| 0
007 ta
008 221006b |||||||| |||| 00| 0 eng d
024 _a16,164
037 _cTextual
040 _aLCO
_cLCO
_beng
041 _2eng
_aeng
082 _aZ2,7,16, M5
100 _aSujan M.A
_9683298
245 0 _aLaw Relating to Goverment Arbitration
260 _aNew
_bDelhi Milind Publications Private Limited India
_c1985
300 _a336
650 _aGOVERMENT ARBITRATION
_9706141
942 _hZ2,7,16, M5
_cTEXL
999 _c1185727
_d1185727